000 00505nam a22001457a 4500
003 MACL
005 20170723124835.0
008 170723b xxu||||| |||| 00| 0 eng d
040 _cMACL
100 _aशास्‍त्री, आचार्य योगानन्‍द
_968364
245 _aयोगाभ्‍यास शिक्षा
260 _aदिल्‍ली
_bआरोग्‍य निधि प्रकाशन
_c2016
650 _aयोगा
_964634
942 _2ddc
_cHIN
999 _c56787
_d56787